000 00467pab a2200181 454500
008 180718b2007 xxu||||| |||| 00| 0 eng d
100 _aFarooquee, Nehal A.
245 _aRole of the state on forests: case of Uttarakhand
260 _c2007
300 _ap.3537-540.
362 _a1 Sep
650 _aForests - India - Uttarakhand
650 _aForests
700 _aMaikhuri, R.K.
773 _aEconomic and Political Weekly
908 _aN
909 _a75704
999 _c75704
_d75704